| 000 | 00703nam a2200229Ia 4500 | ||
|---|---|---|---|
| 003 | GCL | ||
| 008 | 140319s9999 xx 000 0 ara d | ||
| 040 |
_aGCL / _cGCL |
||
| 082 | 0 | 4 |
_a320.956 _bم ن |
| 100 | 1 | _aمروان بحيرى | |
| 245 | 1 | 0 |
_aفلسطين العرب / _cمروان بحيرى |
| 700 | 1 | _aمحمد المجذوب | |
| 700 | 1 | _aانيس قاسم | |
| 260 |
_a[S.N] : _bالمؤسسة العربية للدراسات والنشر ، _c1993 |
||
| 300 | _a305 ص | ||
| 490 | _a | ||
| 650 | 0 | 4 | _aالعالم العربى |
| 650 | 0 | 4 | _aالاحوال السياسية |
| 650 | 0 | 4 | _aالنزاع العربى الاسرائيلى |
| 650 | 0 | 4 | _aفلسطين |
| 942 |
_2ddc _cBK |
||
| 999 |
_c30436 _d30436 |
||